000 00256nam a2200097Ia 4500
082 _a615.532 BLOC
245 0 _aHomoeopathy for the home
100 _a BLOCH, Ruth Cape Town, 2003
_955199
942 _cBK
008 210817s9999 xx 000 0 und d
999 _c173783
_d173782